MARC

LEADER 00000nam0a2200000 4500
001 22610
005 20231030194802.0
010 |a 5211041550 
035 |a (RuTPU)RU\TPU\book\22823 
035 |a BOOK00000587 
090 |a 22610 
100 |a 20011209d1999 m y0rusy50 ca 
101 0 |a rus 
102 |a RU 
105 |a y j 000zy 
200 1 |a Биогеография с основами экологии  |e учебник для вузов  |f А. Г. Воронов, Н. Н. Дроздов, Д. А. Криволуцкий, Е. Г. Мяло 
205 |a 3-е изд., перераб. и доп. 
210 |a Москва  |c Изд-во МГУ  |d 1999 
215 |a 392 с. 
610 1 |a биогеография 
610 1 |a экология 
610 1 |a геногеография 
610 1 |a учебные пособия 
675 |a 574(075.8)  |v 3 
701 1 |a Воронов  |b А. Г.  |g Анатолий Георгиевич 
701 1 |a Дроздов  |b Н. Н.  |g Николай Николаевич 
701 1 |a Криволуцкий  |b Д. А.  |g Дмитрий Александрович 
701 1 |a Мяло  |b Е. Г.  |g Елена Григорьевна 
801 0 |a RU  |b 63413507  |c 20011209  |g PSBO 
801 2 |a RU  |b 63413507  |c 20041116  |g PSBO 
942 |c BK